Reklama ako nástroj ovplyvňovania nákupného správania zákazníkov bakalárska práca

Na minha lista:
Detalhes bibliográficos
Autor principal: Dubeňová, Barbora
Formato: Livro
Idioma:eslovaco
Publicado em: Bratislava STU FCHPT 2016
Acesso em linha:View in OPAC
Tags: Adicionar Tag
Sem tags, seja o primeiro a adicionar uma tag!

MARC

LEADER 00000nam a2200000 a 4500
005 20260127134237.0
008 161025 2016 000 0 slo d
035 |a vtls011588723 
039 9 |a 201610251240  |b mschk03  |y 201610251116  |z mschk03 
040 |a STUSCHK1  |b slo  |c STUSCHK1  |e AACR2 
100 1 |a Dubeňová, Barbora 
245 1 |a Reklama ako nástroj ovplyvňovania nákupného správania zákazníkov  |b bakalárska práca  |c Barbora Dubeňová 
260 |a Bratislava  |b STU FCHPT  |c 2016 
300 |a 51 s.  |b il.  |c 25 cm 
500 |a Študijný program: automatizácia, informatizácia a manažment v potravinárstve a v chémii 
500 |a Študijný odbor: automatizácia, priemyselné inžinierstvo 
500 |a Školiace pracovisko: ÚM-Odd. manažmentu chemických v potravinárskych technológií 
500 |a Evid. číslo: FCHPT-5415-63866 
910 |a SCHK95 
999 |c 7672  |d 7672